|
|
|
|
| LEADER |
01716nam a2200421Ia 4500 |
| 001 |
EBC302235 |
| 003 |
MiAaPQ |
| 005 |
20200520144314.0 |
| 006 |
m o d | |
| 007 |
cr cn||||||||| |
| 008 |
070427s2007 gw a sb 000 0 eng d |
| 010 |
|
|
|z 2007923291
|
| 020 |
|
|
|z 9783540699439
|
| 020 |
|
|
|z 9783540699415 (pbk.)
|
| 020 |
|
|
|z 3540699414 (pbk.)
|
| 035 |
|
|
|a (MiAaPQ)EBC302235
|
| 035 |
|
|
|a (Au-PeEL)EBL302235
|
| 035 |
|
|
|a (CaPaEBR)ebr10177142
|
| 035 |
|
|
|a (CaONFJC)MIL86370
|
| 035 |
|
|
|a (OCoLC)185027071
|
| 040 |
|
|
|a MiAaPQ
|c MiAaPQ
|d MiAaPQ
|
| 050 |
|
4 |
|a GC1023.86
|b .S47 2007
|
| 100 |
1 |
|
|a Sesabo, Jennifer Kasanda.
|
| 245 |
1 |
0 |
|a Marine resource conservation and poverty reduction strategies in Tanzania
|h [electronic resource] /
|c Jennifer K. Sesabo.
|
| 260 |
|
|
|a Berlin :
|b Springer,
|c 2007.
|
| 300 |
|
|
|a xiii, 133 p. :
|b 18 fig., 18 tab.
|
| 490 |
1 |
|
|a Hamburg studies on maritime affairs,
|x 1614-2462 ;
|v v. 8
|
| 500 |
|
|
|a "International Max Planck Research School for Maritime Affairs at the University of Hamburg".
|
| 504 |
|
|
|a Includes bibliographical references (p. [125]-133).
|
| 533 |
|
|
|a Electronic reproduction. Ann Arbor, MI : ProQuest, 2015. Available via World Wide Web. Access may be limited to ProQuest affiliated libraries.
|
| 650 |
|
0 |
|a Marine resources conservation
|z Tanzania.
|
| 650 |
|
0 |
|a Poverty
|z Tanzania.
|
| 651 |
|
0 |
|a Tanzania
|x Economic conditions.
|
| 655 |
|
4 |
|a Electronic books.
|
| 710 |
2 |
|
|a International Max Planck Research School for Maritime Affairs.
|
| 710 |
2 |
|
|a ProQuest (Firm)
|
| 830 |
|
0 |
|a Hamburg studies on maritime affairs ;
|v v. 8.
|
| 856 |
4 |
0 |
|u https://ebookcentral.proquest.com/lib/matrademy/detail.action?docID=302235
|z Click to View
|